000 00335nam a22001457a 4500
008 210225b ||||| |||| 00| 0 eng d
020 _a9781121575455
041 _aeng
080 _a615.83
082 _a615.83
100 _a8
101 _aEGZ
245 _aTechniques of dual and individual sports
_cShivers, G
942 _2udc
_cBK
999 _c55215
_d55215